<?xml version="1.0" encoding="UTF-8"?>
<record
    xmlns:xsi="http://www.w3.org/2001/XMLSchema-instance"
    xsi:schemaLocation="http://www.loc.gov/MARC21/slim http://www.loc.gov/standards/marcxml/schema/MARC21slim.xsd"
    xmlns="http://www.loc.gov/MARC21/slim">

  <leader>01772agaaa2200301   4500</leader>
  <controlfield tag="001">8268</controlfield>
  <controlfield tag="003">IT-RoPAU</controlfield>
  <controlfield tag="005">20220918181234.0</controlfield>
  <controlfield tag="007">d cvaizq</controlfield>
  <controlfield tag="008">50131s9999||||xx ||| |     ||   ||und||</controlfield>
  <datafield tag="040" ind1=" " ind2=" ">
    <subfield code="a">IT-RoPAU</subfield>
    <subfield code="c">IT-RoPAU</subfield>
  </datafield>
  <datafield tag="041" ind1=" " ind2=" ">
    <subfield code="a">ITALIANO</subfield>
  </datafield>
  <datafield tag="100" ind1=" " ind2=" ">
    <subfield code="a">Uribe Fernando</subfield>
    <subfield code="g">Codice regista SPICS: 59295</subfield>
    <subfield code="9">41962</subfield>
  </datafield>
  <datafield tag="130" ind1=" " ind2=" ">
    <subfield code="a">AVVENTURIERI DELLO SPIRITO (GLI)</subfield>
    <subfield code="9">41963</subfield>
  </datafield>
  <datafield tag="245" ind1=" " ind2=" ">
    <subfield code="a">AVVENTURIERI DELLO SPIRITO (GLI)</subfield>
    <subfield code="c">Diretto da: Uribe Fernando</subfield>
    <subfield code="p">AVVENTURIERI DELLO SPIRITO (GLI) (Rif. Codice opera principale : H8268)</subfield>
  </datafield>
  <datafield tag="250" ind1=" " ind2=" ">
    <subfield code="a">Edizione Standard</subfield>
  </datafield>
  <datafield tag="260" ind1=" " ind2=" ">
    <subfield code="a">(MESSICO)</subfield>
    <subfield code="b">C.C.C., MESSICO / Distribuzione: MULTIMEDIA SAN PAOLO</subfield>
    <subfield code="g">"1990 (1&#xB0; ed.: 2008 ; Ed. Lingua Orig.: 1990)"</subfield>
  </datafield>
  <datafield tag="300" ind1=" " ind2=" ">
    <subfield code="a">DVD</subfield>
    <subfield code="b">sonoro, col.</subfield>
    <subfield code="c">180 minuti</subfield>
  </datafield>
  <datafield tag="508" ind1=" " ind2=" ">
    <subfield code="a">"Musica: Harpaz Udi; "</subfield>
  </datafield>
  <datafield tag="520" ind1=" " ind2=" ">
    <subfield code="a">SAN FRANCESCO D'ASSISI. BERNADETTE. SAN PATRIZIO, LE AVVENTURE DEL PATRONO D'IRLANDA. SAN FRANCESCO SAVERIO, ORIENTE MISTERIOSO. IL GIORNO IN CUI ILSOLE DANZO', LA STORIA DI FATIMA. L'ANGELO CUSTODE. UNA SERIE DI CARTONI ANIMATI CHE SI DISTINGUE PER LA QUALITA' DEI CONTENUTI. LE AVVENTURE SPIRITUALI DEI PROTAGONISTI DELLA SERIE, PRESENTATE ATTRAVERSO SITUAZIONI ALLA PORTATA DEL BAMBINO, IN UN'ETA' IN CUI HA BISOGNO DI MODELLI POSITIVI A CUI RAPPORTARSI, POSSONO DIVENTARE PER LUI ALTRETTANTE AVVENTURE DELLA FANTASIA EUN AIUTO PER CRESCERE IN MODO SANO. OGNI EPISODIO DURA 30 MINUTI.</subfield>
  </datafield>
  <datafield tag="538" ind1=" " ind2=" ">
    <subfield code="a">PAL, STEREO</subfield>
  </datafield>
  <datafield tag="546" ind1=" " ind2=" ">
    <subfield code="a">ITALIANO</subfield>
  </datafield>
  <datafield tag="650" ind1=" " ind2=" ">
    <subfield code="a">ANIMAZIONE</subfield>
    <subfield code="e">DVD-FILM [DVD]</subfield>
    <subfield code="x">Codice MATERIA SPICS: 9947</subfield>
    <subfield code="9">41964</subfield>
  </datafield>
  <datafield tag="700" ind1=" " ind2=" ">
    <subfield code="a">Hahn Steven</subfield>
    <subfield code="e">(regista)</subfield>
    <subfield code="g">Codice secondo regista SPICS: 59296</subfield>
    <subfield code="9">41965</subfield>
  </datafield>
  <datafield tag="700" ind1=" " ind2=" ">
    <subfield code="a">Harpaz Udi</subfield>
    <subfield code="e">(musica)</subfield>
    <subfield code="g">Codice Musica SPICS: 59297</subfield>
    <subfield code="9">41966</subfield>
  </datafield>
  <datafield tag="700" ind1=" " ind2=" ">
    <subfield code="a">Uribe Fernando </subfield>
    <subfield code="e">(regista)</subfield>
    <subfield code="g">Codice regista SPICS: 59295</subfield>
    <subfield code="9">41967</subfield>
  </datafield>
  <datafield tag="942" ind1=" " ind2=" ">
    <subfield code="c">DV</subfield>
    <subfield code="2">ddc</subfield>
  </datafield>
  <datafield tag="999" ind1=" " ind2=" ">
    <subfield code="c">105534</subfield>
    <subfield code="d">105534</subfield>
  </datafield>
  <datafield tag="952" ind1=" " ind2=" ">
    <subfield code="0">0</subfield>
    <subfield code="1">0</subfield>
    <subfield code="4">0</subfield>
    <subfield code="6">H_8268_000000000000000</subfield>
    <subfield code="7">1</subfield>
    <subfield code="a">SPICS</subfield>
    <subfield code="b">SPICS</subfield>
    <subfield code="d">2015-01-31</subfield>
    <subfield code="l">0</subfield>
    <subfield code="o">H8268</subfield>
    <subfield code="r">2015-01-31 00:00:00</subfield>
    <subfield code="w">2015-01-31</subfield>
    <subfield code="y">DV</subfield>
    <subfield code="z">Progr. Ins.: 3719 / N.Vol.:1 / Copie: 1 / Pag.:0 / Copia rara: n.d. / date import: 1.2.2015 / By Epidotti, Trombetti, Vaglietti</subfield>
  </datafield>
</record>
